[Event "aut_ychb12_2008"]
[Site "Wien - JGH Brigittenau"]
[Date "2008.05.12"]
[Round "6.5"]
[White "Binder, Moriz"]
[Black "Froehlich, Andreas"]
[Result "1-0"]
[WhiteElo "1644"]
[BlackElo "1393"]
[PlyCount "125"]
[EventDate "2008.05.10"]

1. d4 d5 2. c4 e6 3. Nc3 Nf6 4. Nf3 Nc6 5. e3 Bb4 6. a3 Bxc3+ 7. bxc3 O-O 8.
Bd3 Re8 9. cxd5 exd5 10. O-O Qd6 11. c4 Bg4 12. h3 Bxf3 13. Qxf3 b6 14. cxd5
Nxd5 15. Bc4 Rad8 16. Bb2 Na5 17. Ba2 Nf6 18. Rfe1 Qe7 19. Rac1 c6 20. Bb1 Qe6
21. Bc3 Nb7 22. Bb4 Rc8 23. Bf5 Qd5 24. Qxd5 Nxd5 25. Bxc8 Rxc8 26. e4 Nxb4 27.
axb4 a5 28. bxa5 Nxa5 29. Red1 Rd8 30. Rb1 Nc4 31. d5 cxd5 32. Rxd5 Rxd5 33.
exd5 g6 34. Rb4 b5 35. Rxb5 Nd6 36. Rb6 Nc4 37. Rb8+ Kg7 38. Kf1 Kf6 39. Ke2
Ke5 40. Rb5 Nd6 41. Ra5 Nb7 42. Ra7 Nd6 43. Kf3 Kxd5 44. Kg4 Ke6 45. f3 Nf5 46.
Kf4 Kf6 47. g4 g5+ 48. Ke4 Nh4 49. Ra6+ Kg7 50. f4 h6 51. fxg5 hxg5 52. Ke5
Nf3+ 53. Kf5 Ng1 54. Ra3 f6 55. Re3 Kf7 56. Ra3 Ke7 57. Kg6 Ke6 58. Re3+ Kd5
59. Kxf6 Kd4 60. Ra3 Ke4 61. Kxg5 Nf3+ 62. Rxf3 Kxf3 63. h4 1-0

[Event "aut_ychb12_2008"]
[Site "Wien - JGH Brigittenau"]
[Date "2008.05.12"]
[Round "6.6"]
[White "Berger, Tobias"]
[Black "Halvax, Alexander"]
[Result "1-0"]
[WhiteElo "1446"]
[BlackElo "1544"]
[PlyCount "53"]
[EventDate "2008.05.10"]

1. d4 Nf6 2. c4 g6 3. Nc3 d6 4. Nf3 Bg7 5. e3 O-O 6. Be2 Nbd7 7. O-O e5 8. Qc2
c6 9. Re1 Qc7 10. b4 exd4 11. exd4 Re8 12. a4 Nf8 13. Bf4 Nh5 14. Be3 Bf5 15.
Qb3 Bg4 16. h3 Bxf3 17. Bxf3 Nf6 18. c5 dxc5 19. bxc5 Ne6 20. Rab1 Rab8 21. d5
Nxd5 22. Nxd5 cxd5 23. Bxd5 Re7 24. c6 b6 25. Qc4 Rbe8 26. Red1 Nf4 27. Bxf4
1-0

[Event "aut_ychb12_2008"]
[Site "Wien - JGH Brigittenau"]
[Date "2008.05.12"]
[Round "6.7"]
[White "Wieland, Thomas"]
[Black "Leonhartsberger, Simon"]
[Result "0-1"]
[WhiteElo "1346"]
[BlackElo "1342"]
[PlyCount "152"]
[EventDate "2008.05.10"]

1. e4 d5 2. exd5 Nf6 3. Bb5+ Bd7 4. Bc4 c6 5. dxc6 Nxc6 6. Nf3 e5 7. d3 Bc5 8.
Nc3 O-O 9. O-O Qb6 10. Bb3 Ng4 11. Qe2 Bd4 12. Nxd4 Nxd4 13. Qe1 a5 14. a4 Nxb3
15. cxb3 Qxb3 16. h3 Nf6 17. Qe2 Qe6 18. Bg5 h6 19. Bh4 Rac8 20. Rac1 Rc6 21.
Rfe1 Re8 22. Ne4 Nxe4 23. Qxe4 Rxc1 24. Rxc1 Qb3 25. Qc4 Bxa4 26. Qxb3 Bxb3 27.
Rc3 a4 28. Rc7 Bd5 29. Rc1 Bc6 30. Bg3 f6 31. f3 Rd8 32. Rc3 Bb5 33. Ra3 Rxd3
34. Rxd3 Bxd3 35. Kf2 b5 36. Ke3 Bc4 37. Be1 Kf7 38. Bb4 Bf1 39. Kf2 Bc4 40.
Ke3 h5 41. h4 g6 42. Ke4 Ke6 43. Bc3 Bf1 44. g3 f5+ 45. Ke3 Kd5 46. Kd2 e4 47.
fxe4+ Kxe4 48. Ke1 Bc4 49. Kf2 f4 50. gxf4 Kxf4 51. Kg2 Kg4 52. Be1 g5 53. hxg5
Kxg5 54. Kg3 h4+ 55. Kh3 Bf1+ 56. Kh2 h3 57. Kg3 Kf5 58. Kh2 Bg2 59. Kg3 Ke4
60. Bc3 Kd3 61. Be5 Kc2 62. Kf2 b4 63. Ke3 a3 64. bxa3 bxa3 65. Kf2 a2 66. Kg3
Kb1 67. Kh2 a1=Q 68. Bxa1 Kxa1 69. Kg3 Kb2 70. Kf2 Kc3 71. Kg3 Kd2 72. Kf2 Kd1
73. Kg1 Ke1 74. Kh2 Kf1 75. Kg3 Kg1 76. Kf4 h2 0-1

[Event "aut_ychb12_2008"]
[Site "Wien - JGH Brigittenau"]
[Date "2008.05.12"]
[Round "6.8"]
[White "Nussbaumer, Laslo"]
[Black "Piwonka, Thomas"]
[Result "1-0"]
[WhiteElo "1248"]
[BlackElo "1276"]
[PlyCount "31"]
[EventDate "2008.05.10"]

1. e4 e5 2. Nf3 Nf6 3. Nc3 Nc6 4. d4 Bb4 5. Nxe5 Nxe5 6. dxe5 Nxe4 7. Qd4 Bxc3+
8. bxc3 d5 9. exd6 Nxd6 10. Qxg7 Kd7 11. Qg3 Re8+ 12. Be3 Nf5 13. Rd1+ Nd6 14.
Qh3+ Kc6 15. Qf3+ Ne4 16. Rxd8 1-0

[Event "aut_ychb12_2008"]
[Site "Wien - JGH Brigittenau"]
[Date "2008.05.12"]
[Round "6.9"]
[White "Schamberger, Maximilian"]
[Black "Liao, Kenny"]
[Result "1/2-1/2"]
[WhiteElo "1391"]
[BlackElo "1421"]
[PlyCount "35"]
[EventDate "2008.05.10"]

1. e4 e5 2. Nf3 Nc6 3. Bb5 d6 4. O-O Bd7 5. Nc3 Nf6 6. Re1 g6 7. Bxc6 Bxc6 8.
d4 Nd7 9. d5 Bg7 10. dxc6 bxc6 11. Bd2 Nf6 12. Qc1 h6 13. Rd1 g5 14. Nxe5 dxe5
15. Bxg5 Qe7 16. Bxf6 Qxf6 17. Qd2 O-O 18. Qd7 1/2-1/2

[Event "aut_ychb12_2008"]
[Site "Wien - JGH Brigittenau"]
[Date "2008.05.12"]
[Round "6.10"]
[White "Kreiner, Stefan"]
[Black "Nagler, Wachtang"]
[Result "1-0"]
[WhiteElo "1444"]
[BlackElo "1544"]
[PlyCount "81"]
[EventDate "2008.05.10"]

1. e4 e5 2. Nf3 Nc6 3. Bc4 Be7 4. O-O Nf6 5. d3 O-O 6. Nc3 d6 7. Be3 Bg4 8. h3
Bh5 9. Nb1 a6 10. Nbd2 d5 11. Bb3 dxe4 12. dxe4 a5 13. a3 a4 14. Bc4 Bxf3 15.
Qxf3 Nd4 16. Qd1 b5 17. Bd3 b4 18. axb4 c5 19. bxc5 Bxc5 20. Nc4 Qe7 21. Bg5 a3
22. c3 Ne6 23. Bxf6 Qxf6 24. b4 Ba7 25. Rxa3 Qg6 26. Nxe5 Qg5 27. Nc4 Nf4 28.
Qf3 Rfd8 29. Be2 Rd7 30. Nb6 Bxb6 31. Rxa8+ Rd8 32. Rxd8+ Bxd8 33. Qg4 g6 34.
Bf3 h5 35. Qxg5 Bxg5 36. b5 Bd8 37. Rd1 Bb6 38. Rd6 Bc5 39. Rc6 Ba7 40. b6 Bxb6
41. Rxb6 1-0

[Event "aut_ychb12_2008"]
[Site "Wien - JGH Brigittenau"]
[Date "2008.05.13"]
[Round "7.1"]
[White "Kessler, Luca"]
[Black "Menezes, Christoph"]
[Result "1/2-1/2"]
[WhiteElo "1827"]
[BlackElo "1776"]
[PlyCount "86"]
[EventDate "2008.05.10"]

1. d4 Nf6 2. c4 g6 3. Nc3 Bg7 4. Nf3 d6 5. Bg5 h6 6. Bh4 g5 7. Bg3 Nh5 8. e3
Nxg3 9. hxg3 e6 10. Be2 Qe7 11. Qc2 Nc6 12. a3 Bd7 13. b4 O-O-O 14. Rc1 f5 15.
b5 Na5 16. Na4 c5 17. bxc6 Bxc6 18. O-O Kb8 19. Rfd1 Rc8 20. Nc3 b6 21. e4 fxe4
22. Nxe4 d5 23. Ned2 Nxc4 24. Nxc4 dxc4 25. Bxc4 Bd5 26. Qb3 Rxc4 27. Rxc4 Bxc4
28. Qxc4 Rc8 29. Qb3 Qd6 30. Re1 Rc6 31. Qd3 Rc7 32. Qe4 Qxa3 33. Qxe6 Bf8 34.
Ne5 Qe7 35. Qf5 Qb4 36. Rd1 Bg7 37. d5 Qd6 38. f4 Kb7 39. Nf3 a6 40. Qe6 Qc5+
41. Kh2 Re7 42. Qc6+ Qxc6 43. dxc6+ Kxc6 1/2-1/2

[Event "aut_ychb12_2008"]
[Site "Wien - JGH Brigittenau"]
[Date "2008.05.13"]
[Round "7.2"]
[White "Penz, Florian"]
[Black "Huber, Martin Christian"]
[Result "1-0"]
[WhiteElo "1608"]
[BlackElo "1686"]
[PlyCount "47"]
[EventDate "2008.05.10"]

1. c4 c5 2. Nc3 Nf6 3. Nf3 e6 4. g3 b6 5. Bg2 Bb7 6. O-O Be7 7. d4 cxd4 8. Nxd4
Bxg2 9. Kxg2 a6 10. Kg1 Qc7 11. b3 O-O 12. Bb2 d6 13. e4 Nbd7 14. Rc1 Nc5 15.
Qc2 Qb7 16. Rfe1 Rac8 17. Qe2 Rfd8 18. Ba3 d5 19. e5 Ne8 20. b4 Nd7 21. cxd5
exd5 22. e6 Ndf6 23. exf7+ Kxf7 24. Ne6 1-0

[Event "aut_ychb12_2008"]
[Site "Wien - JGH Brigittenau"]
[Date "2008.05.13"]
[Round "7.3"]
[White "Sauer, Jakob"]
[Black "Gassner, Mathias"]
[Result "1-0"]
[WhiteElo "1611"]
[BlackElo "1481"]
[PlyCount "81"]
[EventDate "2008.05.10"]

1. e4 e5 2. Nf3 Nc6 3. Bc4 Bc5 4. c3 Qe7 5. O-O Bb6 6. d4 d6 7. d5 Nd8 8. h3 h6
9. Nbd2 Nf6 10. Bd3 O-O 11. Re1 Ne8 12. Qc2 Qf6 13. Nf1 Bxh3 14. N1h2 Bd7 15.
Be3 Qg6 16. Bxb6 axb6 17. Re3 Qh7 18. Nh4 Nf6 19. Qe2 Bc8 20. c4 Nd7 21. b4 Re8
22. Rg3 Nf8 23. Qh5 g6 24. Qe2 Qg7 25. Ng4 Nh7 26. Ne3 Ng5 27. Nf3 Nxf3+ 28.
Qxf3 Rf8 29. a3 Kh7 30. Bc2 Bd7 31. Kf1 c6 32. Bd3 b5 33. cxb5 cxb5 34. Qe2 Qh8
35. Ra2 Rc8 36. Rc2 Rxc2 37. Qxc2 Qf6 38. Qc7 Be8 39. Rf3 Qh4 40. Kg1 Qg5 41.
Qxd6 1-0

[Event "aut_ychb12_2008"]
[Site "Wien - JGH Brigittenau"]
[Date "2008.05.13"]
[Round "7.4"]
[White "Guetz, Wolfgang"]
[Black "Binder, Moriz"]
[Result "0-1"]
[WhiteElo "1443"]
[BlackElo "1644"]
[PlyCount "24"]
[EventDate "2008.05.10"]

1. e4 e5 2. Nf3 Nf6 3. Bc4 Nxe4 4. Nc3 Nc6 5. Nxe4 d5 6. Bb5 dxe4 7. Bxc6+ bxc6
8. Nxe5 Qg5 9. d4 Qxg2 10. Kd2 Qxf2+ 11. Qe2 Qxd4+ 12. Nd3 Be6 0-1

[Event "aut_ychb12_2008"]
[Site "Wien - JGH Brigittenau"]
[Date "2008.05.13"]
[Round "7.5"]
[White "Leonhartsberger, Simon"]
[Black "Berger, Tobias"]
[Result "0-1"]
[WhiteElo "1342"]
[BlackElo "1446"]
[PlyCount "114"]
[EventDate "2008.05.10"]

1. Nf3 d5 2. e4 e6 3. exd5 exd5 4. g3 Nf6 5. Bg2 Be7 6. d3 Bg4 7. Bf4 c6 8. Nc3
O-O 9. O-O Nbd7 10. Re1 Re8 11. Qd2 Qb6 12. a4 Bb4 13. Qc1 Bxf3 14. Bxf3 Rxe1+
15. Qxe1 d4 16. a5 Bxa5 17. Na4 Bxe1 18. Nxb6 Bxf2+ 19. Kxf2 Nxb6 20. Be5 c5
21. Bxf6 gxf6 22. Bxb7 Re8 23. Rxa7 Re7 24. Kf3 Kg7 25. Kg4 Nc8 26. Ra8 Nb6 27.
Rb8 Nd7 28. Rd8 Ne5+ 29. Kf5 Rxb7 30. b3 Rd7 31. Rc8 Rd6 32. Rxc5 Rc6 33. Rxc6
Nxc6 34. Ke4 Nb4 35. Kxd4 Nxc2+ 36. Kc5 Kf8 37. d4 Ke7 38. b4 Ne3 39. b5 Kd7
40. d5 Nf5 41. b6 Nd6 42. Kb4 Nb7 43. Kb5 Kd6 44. Kc4 Ke5 45. Kd3 Kxd5 46. Ke3
Kc6 47. Kf4 Nd6 48. b7 Kxb7 49. Kg4 Kc6 50. Kh5 Kd5 51. Kh6 Ke5 52. Kxh7 Ne8
53. Kg8 Ke6 54. h4 f5 55. h5 Nf6+ 56. Kh8 Nxh5 57. Kh7 Nxg3 0-1

[Event "aut_ychb12_2008"]
[Site "Wien - JGH Brigittenau"]
[Date "2008.05.13"]
[Round "7.6"]
[White "Froehlich, Andreas"]
[Black "Hofer, Emilian"]
[Result "1/2-1/2"]
[WhiteElo "1393"]
[BlackElo "1603"]
[PlyCount "197"]
[EventDate "2008.05.10"]

1. e4 c5 2. Nf3 d6 3. c3 Nc6 4. d4 cxd4 5. cxd4 e6 6. Bb5 Bd7 7. O-O Nf6 8. Nc3
Be7 9. h3 O-O 10. Bg5 h6 11. Bh4 a6 12. Ba4 Rc8 13. Rc1 b5 14. Bc2 Re8 15. a3
Nxe4 16. Bxe7 Nxc3 17. Qd3 Nxe7 18. bxc3 Ng6 19. a4 Kf8 20. axb5 Bxb5 21. Qd2
Bxf1 22. Rxf1 Qf6 23. Ra1 Nf4 24. Rxa6 Rxc3 25. Rxd6 Rec8 26. Be4 Nh5 27. Kh2
Qf4+ 28. Qxf4 Nxf4 29. Ne5 f5 30. Rd7 Kg8 31. Bf3 Rc2 32. Kg3 g5 33. d5 exd5
34. Bxd5+ Nxd5 35. Rxd5 R2c5 36. Rxc5 Rxc5 37. Nf3 Kf7 38. Kh2 Rc2 39. Kg1 Kf6
40. g3 Rc3 41. Nh2 h5 42. Kg2 g4 43. Nf1 Kg5 44. Ne3 Rb3 45. Nd5 Kg6 46. Nf4+
Kh6 47. h4 Rf3 48. Kg1 Ra3 49. Kg2 Ra4 50. Kg1 Rb4 51. Kg2 Rxf4 52. gxf4 Kg6
53. f3 Kf6 54. fxg4 fxg4 55. Kf2 Ke6 56. Ke2 Kd6 57. Kd2 Kc5 58. Ke3 Kd5 59.
Kd3 Kd6 60. Kd4 Ke6 61. Kd3 Kf6 62. Ke2 Ke6 63. Kd3 Kd7 64. Kd4 Kd6 65. Ke4 Ke6
66. Kd3 Kf6 67. Ke4 Kg6 68. Kd3 Kf7 69. Ke4 Ke7 70. Kd4 Kd8 71. Ke4 Kc7 72. Kd4
Kc6 73. Kd3 Kc5 74. Ke4 Kc4 75. Ke3 Kd5 76. Kd3 Ke6 77. Ke4 Kf6 78. Kd3 Kg6 79.
Ke4 Kf6 80. Kd3 Kg7 81. Ke4 Kf7 82. Kd4 Ke7 83. Ke4 Ke6 84. Kd3 Kf5 85. Ke3 Ke6
86. Ke4 Kf6 87. Kd3 Kg7 88. Ke4 Kg6 89. Kd3 Kh6 90. Ke4 Kg7 91. Kd4 Kf6 92. Kd3
Ke6 93. Ke4 Kd6 94. Kd3 Kc6 95. Ke4 Kc5 96. Kd3 Kb4 97. Kd4 Kb5 98. Kd3 Kc5 99.
Ke4 1/2-1/2

[Event "aut_ychb12_2008"]
[Site "Wien - JGH Brigittenau"]
[Date "2008.05.13"]
[Round "7.7"]
[White "Halvax, Alexander"]
[Black "Nussbaumer, Laslo"]
[Result "0-1"]
[WhiteElo "1544"]
[BlackElo "1248"]
[PlyCount "59"]
[EventDate "2008.05.10"]

1. e4 e5 2. Nf3 Nf6 3. Bc4 Nc6 4. Ng5 d5 5. exd5 Na5 6. Bb5+ c6 7. dxc6 bxc6 8.
Ba4 Bc5 9. a3 Qd4 10. Bxc6+ Nxc6 11. O-O O-O 12. Nf3 Qd6 13. d3 Bg4 14. h3 Bxf3
15. Qxf3 Nd4 16. Qd1 Rac8 17. Nc3 Rfe8 18. Bg5 h6 19. Bxf6 Qxf6 20. Ne4 Qf4 21.
b4 Be7 22. c4 f5 23. Nc3 e4 24. dxe4 Rxc4 25. Qa4 Ra8 26. Nd5 Qxe4 27. Nxe7+
Qxe7 28. Rfe1 Qf7 29. Rac1 Rxc1 30. Rxc1 0-1

[Event "aut_ychb12_2008"]
[Site "Wien - JGH Brigittenau"]
[Date "2008.05.13"]
[Round "7.8"]
[White "Piwonka, Thomas"]
[Black "Wieland, Thomas"]
[Result "0-1"]
[WhiteElo "1276"]
[BlackElo "1346"]
[PlyCount "60"]
[EventDate "2008.05.10"]

1. f4 d5 2. Nf3 Nc6 3. d4 Bg4 4. Nbd2 Nf6 5. c3 e6 6. Ne5 Nxe5 7. fxe5 Nd7 8.
Nf3 Be7 9. Qd2 O-O 10. e3 Bxf3 11. gxf3 Bh4+ 12. Kd1 Nb6 13. Bd3 f6 14. Rg1
fxe5 15. dxe5 Rxf3 16. Qg2 Qf8 17. Bd2 Bf2 18. Rf1 Qf7 19. Be1 Rf8 20. Be2 Rf5
21. Qh3 Bxe1 22. Rxe1 Rxe5 23. Kc2 Qf5+ 24. Qxf5 Rfxf5 25. b4 Rxe3 26. Kd2 Rh3
27. Rh1 Rf2 28. Ke1 Rhxh2 29. Rg1 Rxe2+ 30. Kd1 Rxa2 0-1

[Event "aut_ychb12_2008"]
[Site "Wien - JGH Brigittenau"]
[Date "2008.05.13"]
[Round "7.9"]
[White "Liao, Kenny"]
[Black "Kreiner, Stefan"]
[Result "0-1"]
[WhiteElo "1421"]
[BlackElo "1444"]
[PlyCount "38"]
[EventDate "2008.05.10"]

1. e4 e5 2. Nf3 Nc6 3. Nc3 Nf6 4. Bc4 Nxe4 5. Nxe4 d5 6. Bd3 dxe4 7. Bxe4 Bg4
8. h3 Bh5 9. d3 Bd6 10. Be3 Qd7 11. Qd2 f5 12. Bd5 f4 13. c4 Bb4 14. Bxc6 Bxd2+
15. Nxd2 Qxc6 16. Bxf4 exf4 17. O-O O-O-O 18. b4 Rxd3 19. b5 Qg6 0-1

[Event "aut_ychb12_2008"]
[Site "Wien - JGH Brigittenau"]
[Date "2008.05.13"]
[Round "7.10"]
[White "Nagler, Wachtang"]
[Black "Schamberger, Maximilian"]
[Result "0-1"]
[WhiteElo "1544"]
[BlackElo "1391"]
[PlyCount "28"]
[EventDate "2008.05.10"]

1. e4 c5 2. Nf3 d6 3. Nc3 e6 4. d3 Nf6 5. d4 cxd4 6. Nxd4 Be7 7. Bb5+ Nbd7 8.
O-O O-O 9. f4 a6 10. Bc4 b5 11. Bb3 b4 12. Nce2 Nxe4 13. Nc6 Qb6+ 14. Ned4 e5
0-1